NBA Year in Review: 2006–07 - Statistics

General Stats
  • This quiz has been taken 61 times
  • The average score is 7 of 14
Answer Stats
Hint Answer % Correct
Most Valuable Player Dirk Nowitzki
98%
All-Star Game MVP Kobe Bryant
91%
Points Per Game Leader Kobe Bryant
91%
Finals MVP Tony Parker
82%
Assists Per Game Leader Steve Nash
70%
Triple-Doubles Leader Jason Kidd
59%
Rebounds Per Game Leader Kevin Garnett
57%
Rookie of the Year Brandon Roy
41%
Defensive Player of the Year Marcus Camby
34%
Blocks Per Game Leader Marcus Camby
34%
Sixth Man of the Year Leandro Barbosa
18%
Coach of the Year Sam Mitchell
11%
Steals Per Game Leader Baron Davis
7%
Most Improved Player Monta Ellis
5%
No matching quizzes found
Score Distribution
Percent of People with Each Score
Percentile by Number Answered
Your Score History
You have not taken this quiz